000 00618nam a2200181Ia 4500
008 090124s9999 xx 000 0 und d
082 _b4789
_a402
100 _aकुकडे कृष्णाजी वि.
245 _a आपले आरोग्य भाग 3 रा)
250 _a1
260 _c1932
300 _a114
600 _aकुकडे कृष्णाजी वि.
630 _a आपले आरोग्य भाग 3 रा)
700 _aकुकडे कृष्णाजी वि.
730 _a आपले आरोग्य भाग 3 रा)
942 _cBOOK
999 _c118730
_d118730